Aporte solidario extraordinario (Registro nro. 35392)

Detalles MARC
000 -LEADER
fixed length control field 00298 a2200109 4500
001 - CONTROL NUMBER
control field ART_52743
005 - DATE AND TIME OF LATEST TRANSACTION
control field 20260410162046.0
008 - FIXED-LENGTH DATA ELEMENTS--GENERAL INFORMATION
fixed length control field 260409a
100 1# - MAIN ENTRY--PERSONAL NAME
Personal name Vega, Gerardo E.
245 10 - TITLE STATEMENT
Title Aporte solidario extraordinario
773 0# - HOST ITEM ENTRY
Title Impuestos
Related parts - N°100 (mayo 2021)
Record control number REV45175

No hay ítems disponibles.